| 000 | 01055nam a2200253Ia 4500 | ||
|---|---|---|---|
| 003 | OSt | ||
| 005 | 20220923224512.0 | ||
| 006 | a|||||r|||| 00| 0 | ||
| 007 | ta | ||
| 008 | 220922b |||||||| |||| 00| 0 hin d | ||
| 020 | _c1750 | ||
| 024 | _a237,270 | ||
| 037 |
_b556, 23/03/2009, Vani Prakashan _cTextual |
||
| 040 |
_aARTS _cARTS _bhin |
||
| 041 |
_2hin _ahin |
||
| 082 | _aNT44, 152P4 | ||
| 100 |
_aशर्मा, सुरेश, संपा. _9156274 |
||
| 245 | 0 |
_aरंग यात्रा _b राष्ट्रीय नाट्य विद्यालय रंगमंडल के चालीस वर्ष |
|
| 246 | _aRanga yātrā: rāṣhṭrīya nāṭya vidyālaya rangahinḍal ke chālīs varṣha | ||
| 260 |
_aनई दिल्ली _b राष्ट्रीय नाट्य विद्यालय _c2004 |
||
| 300 |
_a524पृ. _ccm. |
||
| 942 |
_hNT44, 152P4 _cTEXL _2CC |
||
| 999 |
_c371860 _d371860 |
||